书目信息 |
| 题名: |
世界上最伟大的推销员
|
|
| 作者: | 张艳玲 主编 | |
| 分册: | ||
| 出版信息: | 北京 京华出版社 2011 |
|
| 页数: | 199页 | |
| 开本: | 23cm | |
| 丛书名: | ||
| 单 册: | ||
| 中图分类: | F713.3 | |
| 科图分类: | ||
| 主题词: | 推销--基本知识 | |
| 电子资源: | ||
| ISBN: | 978-7-5502-0156-9 | |
| 000 | 00854nam0 2200241 450 | |
| 001 | 012001003499 | |
| 005 | 20140926114740.0 | |
| 010 | @a978-7-5502-0156-9@dCNY29.80 | |
| 100 | @a20110821d2011 em y0chiy50 ea | |
| 101 | 0 | @achi |
| 102 | @aCN@b110000 | |
| 105 | @ay z 000yy | |
| 106 | @ar | |
| 200 | 1 | @a世界上最伟大的推销员@9shi jie shang zui wei da de tui xiao yuan@f张艳玲主编 |
| 210 | @a北京@c京华出版社@d2011 | |
| 215 | @a199页@d23cm | |
| 300 | @a畅销全球的成功励志经典 成功管理必读经典 | |
| 330 | @a本书内容包括:推销是一项伟大的工作、心态是成功推销的第一步、给客户留下良好的第一印象、掌握推销的语言技巧、你也能成为推销赢家、客户是你永远的朋友、不能忽视售后服务等。 | |
| 606 | 0 | @a推销@x基本知识 |
| 690 | @aF713.3@v4 | |
| 701 | 0 | @a张艳玲@9zhang yan ling@4主编 |
| 801 | 0 | @aCN@b上海新华@c20180901 |
| 905 | @b1162974-8@dF713.3@e1070@f5 | |
| 世界上最伟大的推销员/张艳玲主编.-北京:京华出版社,2011 |
| 199页;23cm |
| 畅销全球的成功励志经典 成功管理必读经典 |
| ISBN 978-7-5502-0156-9:CNY29.80 |
| 本书内容包括:推销是一项伟大的工作、心态是成功推销的第一步、给客户留下良好的第一印象、掌握推销的语言技巧、你也能成为推销赢家、客户是你永远的朋友、不能忽视售后服务等。 |
| ● |
| 相关链接 |
|
|
|
|
正题名:世界上最伟大的推销员
索取号:F713.3/1070
 
预约/预借
| 序号 | 登录号 | 条形码 | 馆藏地/架位号 | 状态 | 备注 |
| 1 | 1162974 | 211629745 | 第一样本阅览室/ [索取号:F713.3/1070] | 在馆 | |
| 2 | 1162975 | 211629754 | 密集书库-海洋学院/ [索取号:F713.3/1070] | 在馆 | |
| 3 | 1162976 | 211629763 | 第一借阅区/ [索取号:F713.3/1070] | 在馆 | |
| 4 | 1162977 | 211629772 | 第一借阅区/ [索取号:F713.3/1070] | 在馆 | |
| 5 | 1162978 | 211629781 | 第一借阅区/ [索取号:F713.3/1070] | 在馆 |